| 000 | 01255nam a2200241Ii 4500 | ||
|---|---|---|---|
| 003 | JO-AjNU | ||
| 005 | 20240625115754.0 | ||
| 008 | 230605s9999||||xx |||||||||||||| ||und|| | ||
| 040 |
_aJO-AjNU _bara _erda _cJO-AjNU |
||
| 041 | _aara | ||
| 050 | 1 | 4 | _aHD58.7 2021 |
| 100 | 1 |
_aابراهيم، لينا طعمة سلامة _eمعد _965629 |
|
| 245 | 0 | 0 |
_aاثر ابعاد الثقافه التنظيمية في تعزيز الريادة المؤسسية لدى العاملين في الجامعات الخاصة في الأردن=The impact of Organazational culture Dimensions in Enhancung Instituional Entrepreeneurship for Employees in private Universities in jordan / _cاعداد لينا طعمه سلامة ابراهيم؛ اشراف بلال احمد مثاني |
| 264 | 3 | 1 | _a 2021 |
| 300 | _a109 ورقة | ||
| 336 |
_atext _btxt _2rdacontent |
||
| 337 |
_aunmediated _bn _2rdamedia |
||
| 338 |
_avolume _bnc _2rdacarrier |
||
| 500 | _aرسالة جامعية(اطروحة ماجستير) جامعة عجلون الوطنية، كلية ادارة الاعمال، تخصص ادارة الاعمال، 2021 | ||
| 650 | 4 |
_aالمنظمات- ثقافة _962448 |
|
| 700 | 1 |
_aمثاني، بلال احمد _964870 _eمشرف |
|
| 942 |
_2lcc _cTHS |
||
| 999 |
_c31846 _d31846 |
||